00807nam a2200265Ia 4500003000400000005001700004008004100021020001800062040001800080041000800098082002100106100002000127245008300147250001600230260005500246300002700301650002300328650002200351650003300373650004100406700003000447700002100477700002200498700002100520OSt20220113191222.0210716s2011 xx 000 0 und d a9789381513002 cAIMIT LIBRARY aeng a001.42 22bHAIJ aHair, Joseph F; aEssentials of Business Research Methods.cby Joseph F. Hair Jr. ...[et. al.]. a2nd. ed . - aNew Delhi:c2011.bSrisai Anand Printers Pvt. Ltd, axviii,477p. ; 23.5 cm. aBusiness Research. aResearch Process. aEthics in Business Research. aAnalysis and Interpretation of Data. aCelsi, Mary Wolfinbarger. aMoney, Arthur H. aSamouel, Phillip. aPage, Michael J.